Inaczej wdzięk - Statystyki

Ogólne statystyki
  • Ten quiz został rozwiązany 4 razy
  • Średni wynik to 3 z 5
Statystyki odpowiedzi
Hint Odpowiedź % Poprawnych
5. Czar
75%
4. Urok
75%
3. Gracja
50%
2. Styl
25%
1. Szyk
25%
Nie znaleziono quizów pasujących do podanych kryteriów
Rozkład punktacji
Procent ludzi z każdym wynikiem
Percentyl według liczby udzielonych odpowiedzi
Twoja historia wyników
Nie rozwiązałeś tego quizu